Statistiques concernant Villes du Nord-Pas-de-Calais

Cliquez ici pour prendre le quiz!

Statistiques générales

  • Ce quiz a été pris 711 fois
  • Le résultat moyen est 10 sur 20

Statistiques - réponses

Réponse% Correct
Lille
96%
Dunkerque
84%
Lens
83%
Arras
80%
Roubaix
76%
Tourcoing
68%
Valenciennes
66%
Douai
62%
Béthune
54%
Boulogne-sur-Mer
52%
Cambrai
48%
Saint-Omer
43%
Maubeuge
41%
Le Touquet
39%
Berck
37%
Armentières
34%
Hazebrouck
31%
Denain
15%
Gravelines
15%
Bapaume
10%

Distribution des résultats

Percentile par nombre de réponses

% des personnes avec chaque résultat

Votre développement - résultats

Vous n’avez pas pris ce quiz